00503nam a2200145Ia 4500008004100000041000800041082001500049100001300064245006200077260003300139300003500172365001100207999001700218952012200235240624s9999 xx 000 0 und d aeng a658.403 DE aDE RAHUL aMIS MANAGING INFORMATION SYSTEMS IN BUSINESS GOVERNMENT A c2012aNew DelhibWiley India axxxviii, : 490 : p. : cm. ; 23 cRSb32 c19387d19387 00104070aIMTNbIMTNcRack 26-Bd2012-09-03eIBHg499.00o658.403 DEp19387r2024-06-24 00:00:00t1w2024-06-24yBK